An introduction to literature criticism and theory /

Bibliographic Details
Main Author: Bennett, Andrew, 1960 Dec. 2-
Other Authors: Royle, Nicholas, 1957-
Format: Book
Language:English
Published: New York ; London : Pearson Longman, 2004.
Edition:Third edition.
Subjects:
Classic Catalogue: View this record in Classic Catalogue
LEADER 01252nam a2200289 a 4500
001 0017169
003 BD-DhAAL
008 100329s2004 nyu b 001 0 eng d
010 |a  2004055085 
020 |a 0582822955 (pbk.) 
040 |a DLC  |c DLC  |d DLC  |d BD-DhAAL 
082 0 0 |a 808  |2 22 
100 1 |a Bennett, Andrew,  |d 1960 Dec. 2-  |9 58316 
245 1 3 |a An introduction to literature criticism and theory /  |c Andrew Bennett and Nicholas Royle. 
250 |a Third edition. 
260 |a New York ;  |a London :  |b Pearson Longman,  |c 2004. 
300 |a viii, 344 p. ;  |c 23 cm 
504 |a Includes bibliographical references and index. 
526 |a ENH  |x Prof. Syed Manzoorul Islam Faculty Member of BRAC University 
541 1 |e 00017169  |a Friends' Book Corner 
650 0 |a Literature  |x History and criticism  |x Theory, etc. 
650 0 |a Criticism. 
700 1 |a Royle, Nicholas,  |d 1957-  |9 58317 
852 4 |a Ayesha Abed Library   |c General Stacks 
942 |2 ddc  |c BK 
999 |c 7913  |d 7913 
952 |0 0  |1 0  |2 ddc  |4 0  |6 808_BEN_200400000000000  |7 0  |9 8873  |a BRACUL  |b BRACUL  |c GEN  |d 2010-03-29  |e Friends' Book Corner  |g 3456.00  |l 12  |m 73  |o 808 BEN  |p 3010017169  |r 2024-09-01  |s 2024-02-25  |t 1  |w 2010-03-29  |y BK  |x Requisitioned by Prof. Syed Manzoorul Islam (Faculty Member of BRAC University).